[Event "DVM U20w 2023"]
[Site "Magdeburg GER"]
[Date "2023.12.27"]
[Round "2"]
[White "Hallfarth, Luise"]
[Black "Dieckmann, Phibie"]
[Result "1-0"]
[Termination "normal"]
[Board "4.4"]
[WhiteElo "1453"]
[BlackElo "1083"]
[WhiteClock "00:08:01"]
[BlackClock "00:14:34"]
[WhiteTeam "SK Nordhorn-Blanke"]
[BlackTeam "SC Porta Westfalica 1950"]
[PlyCount "139"]
[WhiteFideId "16250222"]
[BlackFideId "34607161"]
[EventCountry "GER"]
[EventRounds "7"]
[EventType "team-swiss"]
[EventDate "2023.12.26"]

1. e4 {[%clk 01:30:54]} {[%emt 00:00:04]} c5 {[%clk 01:30:54]} {[%emt
00:00:07]} 2. Nf3 {[%clk 01:30:29]} {[%emt 00:00:55]} Nc6 {[%clk 01:30:56]}
{[%emt 00:00:28]} 3. d4 {[%clk 01:28:33]} {[%emt 00:02:25]} cxd4 {[%clk
01:29:40]} {[%emt 00:01:46]} 4. Nxd4 {[%clk 01:28:21]} {[%emt 00:00:42]} e5
{[%clk 01:28:06]} {[%emt 00:02:05]} 5. Nb5 {[%clk 01:18:24]} {[%emt 00:10:26]}
Nf6 {[%clk 01:23:25]} {[%emt 00:05:11]} 6. Bg5 {[%clk 01:07:54]} {[%emt
00:11:01]} d6 {[%clk 01:03:48]} {[%emt 00:20:06]} 7. Bxf6 {[%clk 01:01:45]}
{[%emt 00:06:39]} gxf6 {[%clk 01:02:01]} {[%emt 00:02:17]} 8. Bc4 {[%clk
00:55:23]} {[%emt 00:06:51]} a6 {[%clk 00:54:13]} {[%emt 00:08:20]} 9. N5c3
{[%clk 00:48:42]} {[%emt 00:07:10]} Bg7 {[%clk 00:49:20]} {[%emt 00:05:23]} 10.
O-O {[%clk 00:43:48]} {[%emt 00:05:25]} O-O {[%clk 00:47:12]} {[%emt 00:02:37]}
11. Nd5 {[%clk 00:37:32]} {[%emt 00:06:46]} f5 {[%clk 00:42:49]} {[%emt
00:04:53]} 12. Nbc3 {[%clk 00:32:56]} {[%emt 00:05:06]} Be6 {[%clk 00:39:00]}
{[%emt 00:04:19]} 13. Qh5 {[%clk 00:24:39]} {[%emt 00:08:45]} Nd4 {[%clk
00:34:20]} {[%emt 00:05:12]} 14. Bd3 {[%clk 00:19:19]} {[%emt 00:05:49]} f4
{[%clk 00:31:51]} {[%emt 00:03:00]} 15. g3 {[%clk 00:19:06]} {[%emt 00:00:44]}
f3 {[%clk 00:31:25]} {[%emt 00:00:56]} 16. Nd1 {[%clk 00:17:35]} {[%emt
00:01:57]} Qd7 {[%clk 00:29:53]} {[%emt 00:02:05]} 17. Qg5 {[%clk 00:14:27]}
{[%emt 00:03:37]} f6 {[%clk 00:28:24]} {[%emt 00:02:00]} 18. Qe3 {[%clk
00:13:44]} {[%emt 00:01:13]} Bg4 {[%clk 00:20:57]} {[%emt 00:07:58]} 19. Nb6
{[%clk 00:12:03]} {[%emt 00:02:10]} Qd8 {[%clk 00:15:28]} {[%emt 00:05:59]} 20.
Nxa8 {[%clk 00:11:32]} {[%emt 00:01:01]} Qxa8 {[%clk 00:14:32]} {[%emt
00:01:26]} 21. c3 {[%clk 00:11:08]} {[%emt 00:00:53]} Ne2+ {[%clk 00:14:12]}
{[%emt 00:00:51]} 22. Kh1 {[%clk 00:10:22]} {[%emt 00:01:15]} Qc8 {[%clk
00:11:51]} {[%emt 00:02:51]} 23. Re1 {[%clk 00:08:53]} {[%emt 00:02:00]} Bh5
{[%clk 00:07:42]} {[%emt 00:04:39]} 24. Qd2 {[%clk 00:05:59]} {[%emt 00:03:23]}
Qh3 {[%clk 00:07:29]} {[%emt 00:00:43]} 25. Ne3 {[%clk 00:05:41]} {[%emt
00:00:49]} Bh6 {[%clk 00:06:54]} {[%emt 00:01:05]} 26. Bxe2 {[%clk 00:05:42]}
{[%emt 00:00:29]} Bxe3 {[%clk 00:07:11]} {[%emt 00:00:13]} 27. Bf1 {[%clk
00:05:47]} {[%emt 00:00:22]} Bxd2 {[%clk 00:06:27]} {[%emt 00:01:18]} 28. Bxh3
{[%clk 00:05:58]} {[%emt 00:00:19]} Bxe1 {[%clk 00:06:16]} {[%emt 00:00:41]}
29. Rxe1 {[%clk 00:06:18]} {[%emt 00:00:09]} Rd8 {[%clk 00:05:44]} {[%emt
00:00:49]} 30. Re3 {[%clk 00:05:46]} {[%emt 00:01:16]} Bg6 {[%clk 00:05:28]}
{[%emt 00:00:45]} 31. Be6+ {[%clk 00:05:52]} {[%emt 00:00:24]} Kg7 {[%clk
00:05:37]} {[%emt 00:00:21]} 32. Bd5 {[%clk 00:06:01]} {[%emt 00:00:21]} b5
{[%clk 00:05:31]} {[%emt 00:00:36]} 33. Rxf3 {[%clk 00:05:50]} {[%emt
00:00:42]} Rc8 {[%clk 00:04:36]} {[%emt 00:01:25]} 34. Re3 {[%clk 00:04:25]}
{[%emt 00:01:54]} Rc5 {[%clk 00:04:01]} {[%emt 00:01:05]} 35. f3 {[%clk
00:03:42]} {[%emt 00:01:14]} a5 {[%clk 00:02:57]} {[%emt 00:01:33]} 36. Rd3
{[%clk 00:02:27]} {[%emt 00:01:44]} Bf7 {[%clk 00:01:08]} {[%emt 00:02:20]} 37.
Bxf7 {[%clk 00:02:37]} {[%emt 00:00:19]} Kxf7 {[%clk 00:01:35]} {[%emt
00:00:04]} 38. Rxd6 {[%clk 00:02:52]} {[%emt 00:00:14]} b4 {[%clk 00:01:16]}
{[%emt 00:00:51]} 39. Ra6 {[%clk 00:01:33]} {[%emt 00:01:48]} bxc3 {[%clk
00:00:58]} {[%emt 00:00:48]} 40. bxc3 {[%clk 00:01:47]} {[%emt 00:00:16]} Rxc3
{[%clk 00:01:20]} {[%emt 00:00:08]} 41. Rxa5 {[%clk 00:00:51]} {[%emt
00:01:26]} Rxf3 {[%clk 00:01:29]} {[%emt 00:00:21]} 42. Ra4 {[%clk 00:22:31]}
{[%emt 00:08:50]} f5 {[%clk 00:28:08]} {[%emt 00:03:51]} 43. Kg2 {[%clk
00:21:42]} {[%emt 00:01:18]} Re3 {[%clk 00:26:24]} {[%emt 00:02:14]} 44. exf5
{[%clk 00:21:47]} {[%emt 00:00:25]} Kf6 {[%clk 00:24:31]} {[%emt 00:02:24]} 45.
Kf2 {[%clk 00:18:27]} {[%emt 00:03:50]} Rc3 {[%clk 00:23:59]} {[%emt 00:01:01]}
46. g4 {[%clk 00:17:41]} {[%emt 00:01:17]} Kg5 {[%clk 00:22:06]} {[%emt
00:02:24]} 47. Re4 {[%clk 00:15:01]} {[%emt 00:03:07]} Rc5 {[%clk 00:20:13]}
{[%emt 00:02:25]} 48. a4 {[%clk 00:14:24]} {[%emt 00:01:07]} h6 {[%clk
00:18:32]} {[%emt 00:02:11]} 49. Kf3 {[%clk 00:13:20]} {[%emt 00:01:32]} Rc3+
{[%clk 00:18:07]} {[%emt 00:00:57]} 50. Re3 {[%clk 00:13:16]} {[%emt 00:00:31]}
Rc4 {[%clk 00:15:57]} {[%emt 00:02:43]} 51. a5 {[%clk 00:10:09]} {[%emt
00:03:37]} Rf4+ {[%clk 00:14:00]} {[%emt 00:02:27]} 52. Kg2 {[%clk 00:07:53]}
{[%emt 00:02:40]} Rxg4+ {[%clk 00:14:10]} {[%emt 00:00:26]} 53. Rg3 {[%clk
00:07:53]} {[%emt 00:00:29]} Kxf5 {[%clk 00:10:23]} {[%emt 00:04:19]} 54. Rxg4
{[%clk 00:08:09]} {[%emt 00:00:13]} Kxg4 {[%clk 00:10:38]} {[%emt 00:00:15]}
55. a6 {[%clk 00:07:51]} {[%emt 00:00:48]} e4 {[%clk 00:11:01]} {[%emt
00:00:07]} 56. Kf2 {[%clk 00:07:59]} {[%emt 00:00:23]} Kf4 {[%clk 00:11:16]}
{[%emt 00:00:14]} 57. a7 {[%clk 00:08:17]} {[%emt 00:00:11]} e3+ {[%clk
00:11:40]} {[%emt 00:00:07]} 58. Ke2 {[%clk 00:08:40]} {[%emt 00:00:07]} h5
{[%clk 00:11:52]} {[%emt 00:00:19]} 59. a8=Q {[%emt 00:00:15]} h4 {[%emt
00:00:10]} 60. Qf3+ {[%clk 00:08:24]} {[%emt 00:00:16]} Ke5 {[%clk 00:12:13]}
{[%emt 00:00:13]} 61. Qxe3+ {[%clk 00:08:34]} {[%emt 00:00:20]} Kd5 {[%clk
00:12:26]} {[%emt 00:00:17]} 62. Qf4 {[%clk 00:08:03]} {[%emt 00:00:59]} h3
{[%clk 00:12:41]} {[%emt 00:00:18]} 63. Kd3 {[%clk 00:08:21]} {[%emt 00:00:11]}
Kc5 {[%clk 00:12:59]} {[%emt 00:00:11]} 64. Qd4+ {[%clk 00:08:25]} {[%emt
00:00:23]} Kc6 {[%clk 00:13:19]} {[%emt 00:00:13]} 65. Kc4 {[%clk 00:08:34]}
{[%emt 00:00:22]} Kb6 {[%clk 00:13:36]} {[%emt 00:00:13]} 66. Qc5+ {[%clk
00:08:29]} {[%emt 00:00:33]} Ka6 {[%clk 00:13:44]} {[%emt 00:00:23]} 67. Qb5+
{[%clk 00:07:22]} {[%emt 00:01:38]} Ka7 {[%clk 00:14:03]} {[%emt 00:00:11]} 68.
Kc5 {[%clk 00:07:40]} {[%emt 00:00:11]} Ka8 {[%clk 00:14:16]} {[%emt 00:00:18]}
69. Kc6 {[%clk 00:08:01]} {[%emt 00:00:06]} Ka7 {[%clk 00:14:34]} {[%emt
00:00:14]} 70. Qb7# {[%emt 00:00:08]} 1-0

[Event "DVM U20w 2023"]
[Site "Magdeburg GER"]
[Date "2023.12.27"]
[Round "2"]
[White "Neumeier, Valentina"]
[Black "Gyácsok, Dzvinka"]
[Result "1-0"]
[Termination "normal"]
[Board "5.2"]
[WhiteElo "1546"]
[BlackElo "1565"]
[WhiteClock "00:43:54"]
[BlackClock "00:41:04"]
[WhiteTeam "SK Kelheim 1920"]
[BlackTeam "SF Birkenfeld"]
[PlyCount "55"]
[WhiteFideId "34608222"]
[BlackFideId "16298292"]
[EventCountry "GER"]
[EventRounds "7"]
[EventType "team-swiss"]
[EventDate "2023.12.26"]

1. e4 {[%clk 01:30:57]} {[%emt 00:00:03]} e5 {[%clk 01:30:55]} {[%emt
00:00:05]} 2. Nf3 {[%clk 01:31:20]} {[%emt 00:00:08]} Nc6 {[%clk 01:31:19]}
{[%emt 00:00:06]} 3. Bc4 {[%clk 01:31:45]} {[%emt 00:00:06]} Bc5 {[%clk
01:31:42]} {[%emt 00:00:06]} 4. c3 {[%clk 01:32:09]} {[%emt 00:00:06]} Nf6
{[%clk 01:31:52]} {[%emt 00:00:19]} 5. d3 {[%clk 01:32:34]} {[%emt 00:00:05]}
d6 {[%clk 01:32:01]} {[%emt 00:00:22]} 6. Nbd2 {[%clk 01:32:49]} {[%emt
00:00:16]} Be6 {[%clk 01:31:27]} {[%emt 00:01:03]} 7. Bb5 {[%clk 01:33:06]}
{[%emt 00:00:13]} O-O {[%clk 01:29:27]} {[%emt 00:02:29]} 8. O-O {[%clk
01:31:40]} {[%emt 00:01:56]} a6 {[%clk 01:26:55]} {[%emt 00:03:03]} 9. Ba4
{[%clk 01:32:02]} {[%emt 00:00:08]} b5 {[%clk 01:26:02]} {[%emt 00:01:22]} 10.
Bc2 {[%clk 01:32:22]} {[%emt 00:00:10]} Bb6 {[%clk 01:19:22]} {[%emt 00:07:09]}
11. Re1 {[%clk 01:29:57]} {[%emt 00:02:55]} Ng4 {[%clk 01:15:28]} {[%emt
00:04:25]} 12. Re2 {[%clk 01:28:57]} {[%emt 00:01:29]} f5 {[%clk 01:13:49]}
{[%emt 00:02:09]} 13. h3 {[%clk 01:24:55]} {[%emt 00:04:31]} Nf6 {[%clk
01:10:49]} {[%emt 00:03:30]} 14. exf5 {[%clk 01:13:10]} {[%emt 00:12:14]} Bxf5
{[%clk 01:09:54]} {[%emt 00:01:25]} 15. Nf1 {[%clk 01:12:58]} {[%emt 00:00:43]}
d5 {[%clk 01:03:47]} {[%emt 00:06:38]} 16. Nxe5 {[%clk 01:01:33]} {[%emt
00:11:53]} Nxe5 {[%clk 01:00:10]} {[%emt 00:04:07]} 17. Rxe5 {[%clk 01:01:45]}
{[%emt 00:00:19]} Bg6 {[%clk 00:57:29]} {[%emt 00:03:12]} 18. d4 {[%clk
00:57:44]} {[%emt 00:04:31]} Ne4 {[%clk 00:54:20]} {[%emt 00:03:37]} 19. Bxe4
{[%clk 00:52:27]} {[%emt 00:05:48]} Bxe4 {[%clk 00:53:08]} {[%emt 00:01:42]}
20. Ng3 {[%clk 00:50:59]} {[%emt 00:01:59]} Bg6 {[%clk 00:52:34]} {[%emt
00:01:03]} 21. Bg5 {[%clk 00:50:34]} {[%emt 00:00:55]} Qd6 {[%clk 00:51:53]}
{[%emt 00:01:09]} 22. Be7 {[%clk 00:50:27]} {[%emt 00:00:39]} Qd7 {[%clk
00:47:47]} {[%emt 00:04:36]} 23. Bxf8 {[%clk 00:50:37]} {[%emt 00:00:19]} Rxf8
{[%clk 00:48:03]} {[%emt 00:00:13]} 24. Qe2 {[%clk 00:50:14]} {[%emt 00:00:54]}
c6 {[%clk 00:45:39]} {[%emt 00:02:54]} 25. Re1 {[%clk 00:50:17]} {[%emt
00:00:27]} c5 {[%clk 00:42:53]} {[%emt 00:03:15]} 26. Re7 {[%clk 00:49:15]}
{[%emt 00:01:33]} Qd8 {[%clk 00:42:23]} {[%emt 00:00:59]} 27. Qe5 {[%clk
00:43:39]} {[%emt 00:06:06]} cxd4 {[%clk 00:41:04]} {[%emt 00:01:50]} 28. Qxg7#
{[%clk 00:43:54]} {[%emt 00:00:15]} 1-0

[Event "DVM U20w 2023"]
[Site "Magdeburg GER"]
[Date "2023.12.27"]
[Round "2"]
[White "Buchholz, Maja Patricia"]
[Black "Sokyrko, Sofiia"]
[Result "1-0"]
[Termination "normal"]
[Board "6.1"]
[WhiteElo "1945"]
[BlackElo "1456"]
[WhiteClock "00:27:30"]
[BlackClock "00:01:26"]
[WhiteTeam "VSG 1880 Offenbach"]
[BlackTeam "SC Strateg Stuttgart"]
[PlyCount "65"]
[WhiteFideId "16200500"]
[BlackFideId "34165711"]
[EventCountry "GER"]
[EventRounds "7"]
[EventType "team-swiss"]
[EventDate "2023.12.26"]

1. c4 {[%clk 01:30:58]} {[%emt 00:00:02]} e5 {[%clk 01:29:33]} {[%emt
00:01:27]} 2. g3 {[%clk 01:31:14]} {[%emt 00:00:15]} d6 {[%clk 01:28:59]}
{[%emt 00:01:04]} 3. Nc3 {[%clk 01:31:08]} {[%emt 00:00:36]} f5 {[%clk
01:26:45]} {[%emt 00:02:43]} 4. Nf3 {[%clk 01:21:03]} {[%emt 00:10:36]} Nf6
{[%clk 01:21:48]} {[%emt 00:05:28]} 5. d4 {[%clk 01:20:56]} {[%emt 00:00:37]}
Nbd7 {[%clk 01:11:49]} {[%emt 00:10:28]} 6. b3 {[%clk 01:11:25]} {[%emt
00:10:02]} Be7 {[%clk 01:10:59]} {[%emt 00:01:19]} 7. Bh3 {[%clk 01:10:36]}
{[%emt 00:01:18]} O-O {[%clk 01:05:16]} {[%emt 00:06:14]} 8. Bxf5 {[%clk
01:09:39]} {[%emt 00:01:27]} exd4 {[%clk 00:59:46]} {[%emt 00:06:00]} 9. Nxd4
{[%clk 01:06:47]} {[%emt 00:03:23]} Nc5 {[%clk 00:58:47]} {[%emt 00:01:28]} 10.
O-O {[%clk 01:05:10]} {[%emt 00:02:07]} Qe8 {[%clk 00:57:10]} {[%emt 00:02:04]}
11. b4 {[%clk 01:01:28]} {[%emt 00:04:15]} Bxf5 {[%clk 00:54:42]} {[%emt
00:02:57]} 12. Nxf5 {[%clk 01:01:53]} {[%emt 00:00:06]} Ne6 {[%clk 00:54:28]}
{[%emt 00:00:44]} 13. Nxe7+ {[%clk 01:01:14]} {[%emt 00:01:10]} Qxe7 {[%clk
00:53:05]} {[%emt 00:01:52]} 14. Bb2 {[%clk 00:59:53]} {[%emt 00:01:51]} c6
{[%clk 00:47:07]} {[%emt 00:06:29]} 15. a3 {[%clk 00:58:12]} {[%emt 00:02:10]}
Qf7 {[%clk 00:44:19]} {[%emt 00:03:17]} 16. f4 {[%clk 00:48:12]} {[%emt
00:10:30]} Rad8 {[%clk 00:42:09]} {[%emt 00:02:40]} 17. e4 {[%clk 00:47:06]}
{[%emt 00:01:37]} h5 {[%clk 00:38:31]} {[%emt 00:04:08]} 18. Qd3 {[%clk
00:43:41]} {[%emt 00:03:56]} h4 {[%clk 00:36:21]} {[%emt 00:02:39]} 19. Rad1
{[%clk 00:43:28]} {[%emt 00:00:42]} Nh5 {[%clk 00:29:29]} {[%emt 00:07:23]} 20.
Ne2 {[%clk 00:36:03]} {[%emt 00:07:55]} hxg3 {[%clk 00:27:05]} {[%emt
00:02:53]} 21. hxg3 {[%clk 00:36:17]} {[%emt 00:00:18]} Nf6 {[%clk 00:24:33]}
{[%emt 00:03:02]} 22. Kg2 {[%clk 00:34:25]} {[%emt 00:02:21]} d5 {[%clk
00:19:24]} {[%emt 00:05:39]} 23. exd5 {[%clk 00:31:45]} {[%emt 00:03:10]} cxd5
{[%clk 00:19:31]} {[%emt 00:00:22]} 24. c5 {[%clk 00:31:39]} {[%emt 00:00:37]}
Ne4 {[%clk 00:15:53]} {[%emt 00:04:09]} 25. Rh1 {[%clk 00:30:25]} {[%emt
00:01:44]} Qg6 {[%clk 00:15:47]} {[%emt 00:00:36]} 26. Rh4 {[%clk 00:29:29]}
{[%emt 00:01:26]} Rf7 {[%clk 00:13:02]} {[%emt 00:03:15]} 27. Rdh1 {[%clk
00:28:27]} {[%emt 00:01:31]} Rfd7 {[%clk 00:12:39]} {[%emt 00:00:53]} 28. Nd4
{[%clk 00:27:22]} {[%emt 00:01:34]} Nxd4 {[%clk 00:10:36]} {[%emt 00:02:34]}
29. Bxd4 {[%clk 00:27:51]} {[%emt 00:00:01]} Qc6 {[%clk 00:08:19]} {[%emt
00:02:47]} 30. Qf3 {[%clk 00:26:51]} {[%emt 00:01:30]} Nd2 {[%clk 00:06:33]}
{[%emt 00:02:15]} 31. Qg4 {[%clk 00:26:57]} {[%emt 00:00:23]} Kf7 {[%clk
00:00:59]} {[%emt 00:06:05]} 32. Qxg7+ {[%clk 00:27:19]} {[%emt 00:00:08]} Ke6
{[%clk 00:01:26]} {[%emt 00:00:03]} 33. Rh6+ {[%clk 00:27:30]} {[%emt
00:00:18]} 1-0

[Event "DVM U20w 2023"]
[Site "Magdeburg GER"]
[Date "2023.12.27"]
[Round "2"]
[White "Korshak, Sofiia"]
[Black "Werner, Rosalie"]
[Result "0-1"]
[Termination "normal"]
[Board "6.2"]
[WhiteElo "1435"]
[BlackElo "1771"]
[WhiteClock "00:38:48"]
[BlackClock "00:52:56"]
[WhiteTeam "SC Strateg Stuttgart"]
[BlackTeam "VSG 1880 Offenbach"]
[PlyCount "40"]
[WhiteFideId "34176403"]
[BlackFideId "16223748"]
[EventCountry "GER"]
[EventRounds "7"]
[EventType "team-swiss"]
[EventDate "2023.12.26"]

1. Nf3 {[%clk 01:30:58]} Nf6 {[%clk 01:30:42]} {[%emt 00:00:19]} 2. g3 {[%clk
01:31:11]} {[%emt 00:00:17]} g6 {[%clk 01:30:16]} {[%emt 00:00:55]} 3. Bg2
{[%clk 01:31:24]} {[%emt 00:00:18]} Bg7 {[%clk 01:30:36]} {[%emt 00:00:10]} 4.
O-O {[%clk 01:31:43]} {[%emt 00:00:12]} d6 {[%clk 01:30:54]} {[%emt 00:00:10]}
5. d3 {[%clk 01:29:26]} {[%emt 00:02:47]} O-O {[%clk 01:30:00]} {[%emt
00:01:25]} 6. c4 {[%clk 01:27:50]} {[%emt 00:02:06]} e5 {[%clk 01:27:37]}
{[%emt 00:02:53]} 7. e4 {[%clk 01:26:13]} {[%emt 00:02:08]} a5 {[%clk
01:26:42]} {[%emt 00:01:24]} 8. a4 {[%clk 01:24:47]} {[%emt 00:01:56]} Na6
{[%clk 01:26:25]} {[%emt 00:00:47]} 9. b3 {[%clk 01:23:48]} {[%emt 00:01:29]}
Nd7 {[%clk 01:23:50]} {[%emt 00:03:05]} 10. Nc3 {[%clk 01:16:37]} {[%emt
00:07:40]} Ndc5 {[%clk 01:21:48]} {[%emt 00:02:31]} 11. Ba3 {[%clk 01:13:29]}
{[%emt 00:03:38]} f5 {[%clk 01:19:28]} {[%emt 00:02:51]} 12. Bxc5 {[%clk
00:59:08]} {[%emt 00:14:51]} Nxc5 {[%clk 01:19:47]} {[%emt 00:00:11]} 13. Rb1
{[%clk 00:59:31]} {[%emt 00:00:07]} f4 {[%clk 01:09:54]} {[%emt 00:10:24]} 14.
Ne2 {[%clk 00:53:36]} {[%emt 00:06:25]} g5 {[%clk 01:04:51]} {[%emt 00:05:34]}
15. gxf4 {[%clk 00:48:18]} {[%emt 00:05:46]} exf4 {[%clk 01:02:47]} {[%emt
00:02:35]} 16. Ne1 {[%clk 00:46:41]} {[%emt 00:02:07]} g4 {[%clk 00:57:33]}
{[%emt 00:05:44]} 17. f3 {[%clk 00:46:21]} {[%emt 00:00:49]} g3 {[%clk
00:55:22]} {[%emt 00:02:42]} 18. h3 {[%clk 00:41:11]} {[%emt 00:05:40]} Qh4
{[%clk 00:55:15]} {[%emt 00:00:37]} 19. d4 {[%clk 00:38:36]} {[%emt 00:03:06]}
Bxh3 {[%clk 00:53:42]} {[%emt 00:02:02]} 20. Bh1 {[%clk 00:38:48]} {[%emt
00:00:19]} Bg2 {[%clk 00:52:56]} {[%emt 00:01:16]} 0-1

[Event "DVM U20w 2023"]
[Site "Magdeburg GER"]
[Date "2023.12.27"]
[Round "2"]
[White "Neininger, Sarah"]
[Black "Bilogolovko, Anna"]
[Result "1-0"]
[Termination "normal"]
[Board "6.3"]
[WhiteElo "1611"]
[BlackElo "1455"]
[WhiteClock "00:21:25"]
[BlackClock "01:29:47"]
[WhiteTeam "VSG 1880 Offenbach"]
[BlackTeam "SC Strateg Stuttgart"]
[PlyCount "53"]
[WhiteFideId "16287410"]
[BlackFideId "34163085"]
[EventCountry "GER"]
[EventRounds "7"]
[EventType "team-swiss"]
[EventDate "2023.12.26"]

1. e4 {[%clk 01:30:58]} e5 {[%clk 01:30:56]} {[%emt 00:00:06]} 2. Nc3 {[%clk
01:31:20]} {[%emt 00:00:07]} Nc6 {[%clk 01:31:13]} {[%emt 00:00:13]} 3. g3
{[%clk 01:31:40]} {[%emt 00:00:10]} Nf6 {[%clk 01:31:33]} {[%emt 00:00:10]} 4.
Bg2 {[%clk 01:31:59]} {[%emt 00:00:10]} Bc5 {[%clk 01:31:50]} {[%emt 00:00:13]}
5. Nge2 {[%clk 01:32:15]} {[%emt 00:00:15]} d6 {[%clk 01:31:33]} {[%emt
00:00:47]} 6. Na4 {[%clk 01:32:27]} {[%emt 00:00:19]} Bb6 {[%clk 01:31:33]}
{[%emt 00:00:30]} 7. Nxb6 {[%clk 01:32:41]} {[%emt 00:00:15]} axb6 {[%clk
01:31:43]} {[%emt 00:00:20]} 8. O-O {[%clk 01:32:42]} {[%emt 00:00:29]} Be6
{[%clk 01:32:00]} {[%emt 00:00:12]} 9. d4 {[%clk 01:31:23]} {[%emt 00:01:50]}
exd4 {[%clk 01:31:32]} {[%emt 00:00:59]} 10. Nxd4 {[%clk 01:31:36]} {[%emt
00:00:16]} Nxd4 {[%clk 01:31:59]} {[%emt 00:00:04]} 11. Qxd4 {[%clk 01:31:54]}
{[%emt 00:00:11]} Qd7 {[%clk 01:32:21]} {[%emt 00:00:09]} 12. b3 {[%clk
01:16:25]} {[%emt 00:15:58]} Bh3 {[%clk 01:32:32]} {[%emt 00:00:19]} 13. e5
{[%clk 01:06:47]} {[%emt 00:10:09]} Bxg2 {[%clk 01:32:06]} {[%emt 00:00:56]}
14. Kxg2 {[%clk 00:59:28]} {[%emt 00:07:49]} Qc6+ {[%clk 01:32:11]} {[%emt
00:00:25]} 15. Kg1 {[%clk 00:59:15]} {[%emt 00:00:38]} Nd7 {[%clk 01:30:55]}
{[%emt 00:01:50]} 16. exd6 {[%clk 00:57:23]} {[%emt 00:02:22]} cxd6 {[%clk
01:31:14]} {[%emt 00:00:12]} 17. Qxg7 {[%clk 00:40:45]} {[%emt 00:17:07]} Rf8
{[%clk 01:31:34]} {[%emt 00:00:10]} 18. Bg5 {[%clk 00:29:54]} {[%emt 00:11:18]}
Ne5 {[%clk 01:31:46]} {[%emt 00:00:21]} 19. Rfe1 {[%clk 00:28:39]} {[%emt
00:01:45]} Kd7 {[%clk 01:31:59]} {[%emt 00:00:17]} 20. Rxe5 {[%clk 00:28:15]}
{[%emt 00:00:54]} dxe5 {[%clk 01:30:50]} {[%emt 00:01:39]} 21. Rd1+ {[%clk
00:28:09]} {[%emt 00:00:36]} Kc7 {[%clk 01:31:09]} {[%emt 00:00:10]} 22. Qxe5+
{[%clk 00:24:46]} {[%emt 00:03:53]} Kc8 {[%clk 01:31:20]} {[%emt 00:00:20]} 23.
Rd6 {[%clk 00:22:50]} {[%emt 00:02:24]} Qc5 {[%clk 01:31:03]} {[%emt 00:00:48]}
24. Qe7 {[%clk 00:22:27]} {[%emt 00:00:53]} Kb8 {[%clk 01:29:44]} {[%emt
00:01:49]} 25. Qxf8+ {[%clk 00:21:39]} {[%emt 00:01:18]} Ka7 {[%clk 01:30:05]}
{[%emt 00:00:10]} 26. Qe7 {[%clk 00:21:27]} {[%emt 00:00:40]} Qxc2 {[%clk
01:29:47]} {[%emt 00:00:48]} 27. Be3 {[%clk 00:21:25]} {[%emt 00:00:31]} 1-0